00736 2200277 4500001002100000005001700021008004100038020001800079035002400097082001400121090002400135100001800159245007800177250001000255260004200265300002400307440002600331650001700357650001600374700001000390700000900400850001500409980001300424985000600437999001500443YOGYA-0209000003471720090227024922.0 ind  a979-605-464-7 0010-020900000034717 a641.595 1 a641.595 1bLes DlT aLESMANA, Etty a25 resep masakan Cina ala IndonesiacEtty Lesmana; penyunting, Petra Inta aCet.2 aJakartabGramedia Pustaka Utamac1999 a56 hlmbilusc20 cm aSeri paduan cita rasa aMasakan Cina aResep makan aPetra aInta aYOPDYOG(B) a29-10-06 a1 a00P0002451